Detalles MARC
| 000 -LÍDER |
| Campo fijo de descripción fija |
02882cam a2200421 i 4500 |
| 001 - NÚMERO DE CONTROL |
| Campo de control |
15171103 |
| 003 - IDENTIFICADOR DEL NÚMERO DE CONTROL |
| Campo de control |
CO-MdFUSB |
| 005 - FECHA Y HORA DE LA ULTIMA TRANSACCIÓN |
| control field |
20180817121749.0 |
| 008 - ELEMENTOS DE LONGITUD FIJA -- INFORMACIÓN GENERAL |
| Campo fijo de descripción fija -- Información general |
080206s2008 enk g b 001 0 eng |
| 010 ## - NÚMERO DE CONTROL DE LA BIBLIOTECA DEL CONGRESO |
| Número de control LC |
2008005694 |
| 020 ## - NÚMERO INTERNACIONAL NORMALIZADO PARA LIBROS |
| Número Internacional Normalizado del libro |
9781847062178 |
| 020 ## - NÚMERO INTERNACIONAL NORMALIZADO PARA LIBROS |
| Número Internacional Normalizado del libro |
1847062172 |
| 020 ## - NÚMERO INTERNACIONAL NORMALIZADO PARA LIBROS |
| Número Internacional Normalizado del libro |
9781847062185 |
| 020 ## - NÚMERO INTERNACIONAL NORMALIZADO PARA LIBROS |
| Número Internacional Normalizado del libro |
1847062180 |
| 040 ## - FUENTE DE CATALOGACIÓN |
| Agencia de catalogación original |
DLC |
| Agencia que realiza la transcripción |
CO-MdFUSB |
| Agencia que realiza la modificación |
CO-MdFUSB |
| Idioma de catalogación |
spa |
| Convenciones de la descripción |
rda |
| 041 ## - CÓDIGO DE IDIOMA |
| Código de idioma para texto/pista de sonido o título separado |
eng |
| 082 00 - NÚMERO DE CLASIFICACIÓN DECIMAL DEWEY |
| Número de la edición del Dewey |
24 |
| Número de clasificación |
G 201.65 |
| Clave de autor-Numero de item |
ED23e |
| 245 14 - TÍTULO |
| Título del Material |
The edge of reason? |
| Parte restante del título - Subtitulo |
: Science and religion in modern society |
| Mención de responsabilidad, etc. |
/ editado por Alex Bentley. |
| 264 #1 - PRODUCCIÓN, PUBLICACIÓN, DISTRIBUCIÓN, MANUFACTURA, Y COPYRIGHT |
| Lugar de producción, publicación, distribución, manufactura |
London ; |
| Nombre del productor, publicador, distribuidor |
Continuum, |
| Fecha de producción, publicación, distribución, manufactura, o copyright |
℗2008. |
| 264 #4 - PRODUCCIÓN, PUBLICACIÓN, DISTRIBUCIÓN, MANUFACTURA, Y COPYRIGHT |
| Fecha de producción, publicación, distribución, manufactura, o copyright |
©2008 |
| 300 ## - DESCRIPCIÓN FÍSICA |
| Extensión |
222 páginas ; |
| Dimensiones |
20 cm. |
| 336 ## - TIPO DE CONTENIDO |
| Fuente |
rdacontent |
| Término de tipo de contenido |
texto |
| Código de tipo de contenido |
txt |
| 337 ## - TIPO DE MEDIO |
| Fuente |
rdamedia |
| Nombre del tipo de medio |
sin mediación |
| Código del tipo de medio |
n |
| 338 ## - TIPO DE SOPORTE |
| Fuente |
rdacarrier |
| Nombre del tipo de soporte |
volumen |
| Código Tipo de soporte |
nc |
| 501 ## - NOTA DE “CON” |
| Nota de Contenido |
Incluye índice (páginas 211- 222) |
| 505 0# - NOTA DE CONTENIDO |
| Nota de contenido con formato preestablecido |
Parte I: ¿Deberían los científicos desafiar las creencias religiosas en la sociedad moderna? -- Ciencia y religión: negociando los rápidos del siglo XXI / Denis R. Alexander -- Por qué fallan las nuevas definiciones ateas de las religiones / Mark Hulsether -- Aborigen versus creacionismo occidental / Robert Layton -- Ciencia versus antropología, no religión / Simon Coleman -- El ateísmo y la libertad / Michael Shermer -- Parte II: ¿Es inevitable la religión? Prehistoria y evolución -- La evolución de la guerra / Herbert D.G. Maschner y Katherine L. Reedy-Maschner -- Por qué somos buenos: las neuronas espejo y las raíces de la empatía / Gordy Slack -- La evolución de la religión / Lewis Wolpert -- ¿Es inevitable la religión? La visión de un arqueólogo del pasado / Steven Mithen -- Artificiales, o por qué Darwin estaba equivocado sobre los humanos / Timothy Taylor -- Parte III: ¿La religión es dañina? De los cerebros a las sociedades - Ciencia y creencias del cerebro / Andrew Newberg -- Por qué Richard Dawkins está equivocado sobre religión / David Sloan Wilson -- Terror público versus bien público / Ian Reader -- Budismo: ¿hay un mejor equilibrio en el Este? / Hiroko Kawanami -- Parte IV: ¿Puede la ciencia misma inspirar la maravilla espiritual? Opiniones más amplias: ¿El descubrimiento científico puede ser una experiencia religiosa? / John Hedley Brooke -- ¡Cielos arriba! Las viejas nociones nunca mueren. Simplemente incorporan / William Calvin -- Otras inteligencias / Seth Shostak -- Teología natural en la cosmología contemporánea / David Wilkinson. |
| 650 #7 - ASIENTO SECUNDARIO DE MATERIA - TERMINO TEMÁTICO |
| Término temático o nombre geográfico como elemento de entrada |
Religión y ciencia |
| 9 (RLIN) |
259 |
| 700 1# - ASIENTO SECUNDARIO - NOMBRE PERSONAL |
| Nombre personal |
Bentley, Alex. |
| 906 ## - LOCAL DATA ELEMENT F, LDF (RLIN) |
| a |
7 |
| b |
cbc |
| c |
orignew |
| d |
1 |
| e |
ecip |
| f |
20 |
| g |
y-gencatlg |
| 942 ## - TIPO DE MATERIAL (KOHA) |
| Tipo de Item KOHA |
Libros General |